000 02540nam a22003377a 4500
999 _c65332
_d65332
005 20240530110819.0
008 190709s2018 ua afh f b 000 0 ara d
017 _a2017/13493
_bمصر. دار الكتب
020 _a9789774524322
040 _aEG-CaGPL
_cEG-CaGPL
082 0 4 _221
_a726.2/
_bق/ح م
100 0 _aحسين قاسم
245 1 2 _aالمزارات الاسلامية والاثار العربية فى مصر والقاهرة المعزية /
_cتاليف حسين قاسم ؛ تصدير على جمعة ؛ تقديم مصطفى الفقى ؛ اللجنة العلمية خالد عزب، محمد الجمل
260 _aالاسكندرية :
_bمكتبة الاسكندرية،
_c2018.
300 _a8 جزء :
_bايض ؛
_c32 سم.
490 0 _aسلسلة دراسات فى الحضارة الاسلامية.
500 _aالجزء الاول، مقدمة فى تاريخ العمارة الاسلامية -- الجزء الثانى، المزارات الاسلامية من القرن الاول حتى منتصف القرن السادس الهجرى -- الجزء الثالث، مدارس القاهرة ودور العلم ومزرارات القرنين السابع والثامن الهجريين -- الجزء الرابع، المزرارات الاسلامية فى القرنين التاسع والعاشر الهجريين ومزارات جنوب وشرق القاهرة -- الجزء الخامس، المزرارات الاسلامية من القرن العاشر الى اواسط القرن الثانى عشر الهجرى وضرائح العظماء والصلحاء -- الجزء السادس، الخطط الرئيسية لمدنتى القاهرة والفسطاط والمذكرات والنصوص التاريخية -- الجزء السادس، مشاهد الاشراف والمساجد النسوية والحديثة المستجدة -- الجزء الثامن، الملاحق
504 _aيشتمل على ارجاعات ببليوجرافية
650 _2qrmak
_aالعمارة الاسلامية
650 _2qrmak
_aالمساجد
650 _2qrmak
_aالاثار الاسلامية
650 _2qrmak
_aالماذن
650 _2qrmak
_aالمساجد
_zمصر
651 _2qrmak
700 0 _aعلى جمعة
_eمصدر
700 0 _aمصطفى الفقى
_eمقدم
700 0 _aخالد عزب
_eلجنة علمية
700 0 _aمحمد الجمل
_eلجنة علمية
942 _2ddc
_cBK